00377 a2200145 4500003000400000005001700004008004100021020001800062040000900080082001000089100003500099245005100134260003700185300000900222OSt20240801150847.0231017b |||||||| |||| 00| 0 eng d a9782721422804 coclc a892.7 aAl ibin al hasian kura al naml aAl-Munǧid fī al-luġaẗ wa al-aʻlām / aBeiruth:bDharul mushrif,c2014. a723p